All Taylor Swift songs in alphabetical order - Statistics

General Stats
  • This quiz has been taken 82 times
  • The average score is 128 of 258
Answer Stats
Hint Answer % Correct
22
87%
Afterglow
87%
Anti-hero
78%
# The 1
78%
All Too Well
70%
G Getaway Car
70%
All Of The Girls You Loved Before
65%
All You Had To Do Was Stay
65%
B Babe
65%
Bad Blood
65%
K Karma
65%
ME!
65%
A Actually romantic
61%
Better Man
61%
Blank Space
61%
But Daddy I Love Him
61%
C Call It What You Want
61%
evermore
61%
Glitch
61%
ivy
61%
J Jump Then Fall
61%
L Labyrinth
61%
Lavender Haze
61%
London Boy
61%
mirrorball
61%
Q Question...?
61%
Snow on the Beach
61%
So Long, London
61%
Speak Now
61%
You're on Your Own, Kid
61%
A Place in This World
57%
august
57%
Back to December
57%
Bejeweled
57%
betty
57%
Cancelled!
57%
cardigan
57%
Cassandra
57%
champagne problems
57%
Clara Bow
57%
Clean
57%
Daylight
57%
Dress
57%
Elizabeth Taylor
57%
Enchanted
57%
exile
57%
Fearless
57%
Fifteen
57%
Fortnight
57%
Gorgeous
57%
illicit affairs
57%
Invisible
57%
It's Nice to Have a Friend
57%
King of My Heart
57%
loml
57%
Lover
57%
Love Story
57%
Mastermind
57%
Mean
57%
Mine
57%
Ours
57%
R ...Ready for It?
57%
seven
57%
The Archer
57%
The Black Dog
57%
The Bolter
57%
The Fate of Ophelia
57%
the lakes
57%
The Life of a Showgirl
57%
The Man
57%
this is me trying
57%
Vigilante Shit
57%
Would've Could've Should've
57%
Begin Again
52%
Better than Revenge
52%
Bigger Than The Whole Sky
52%
Breathe
52%
Bye Bye Baby
52%
Castles Crumbling
52%
Chloe or Sam or Sophia or Marcus
52%
Cornelia Street
52%
cowboy like me
52%
Cruel Summer
52%
D Dancing with Our Hands Tied
52%
Dear John
52%
Dear Reader
52%
Delicate
52%
Don't Blame Me
52%
Down Bad
52%
E Eldest Daughter
52%
End Game
52%
F False God
52%
Father figure
52%
Florida!!!
52%
gold rush
52%
H happiness
52%
Haunted
52%
I Can Do It With a Broken Heart
52%
I Can See You
52%
I Did Something Bad
52%
I Knew You Were Trouble
52%
invisible string
52%
Is It Over Now?
52%
I Think He Knows
52%
Long Live
52%
Look What You Made Me Do
52%
marjorie
52%
Maroon
52%
Message in a Bottle
52%
Midnight Rain
52%
My Boy Only Breaks His Favorite Toys
52%
New Years Day
52%
Now That We Don't Talk
52%
Opalite
52%
Our Song
52%
Paris
52%
Peter
52%
Picture to Burn
52%
right where you left me
52%
Robin
52%
Shake It Off
52%
So High School
52%
Stay Stay Stay
52%
The Albatross
52%
The Alchemy
52%
the last great american dynasty
52%
The Last Time
52%
The Manuscript
52%
tolerate it
52%
Welcome to New York
52%
Wildest Dreams
52%
You Need to Calm Down
52%
A Perfectly Good Heart
48%
Change
48%
Christmas Tree Farm
48%
coney island
48%
Death by a Thousand Cuts
48%
Don't You
48%
dorothea
48%
epiphany
48%
Everything Has Changed
48%
Forever & Always
48%
Girl at Home
48%
Guilty as Sin?
48%
Hey Stephen
48%
Hits Different
48%
hoax
48%
Honey
48%
How Did It End?
48%
How You Get the Girl
48%
I Forgot That You Existed
48%
I Look in People's Windows
48%
imgonnagetyouback
48%
Innocent
48%
I Wish You Would
48%
Last Kiss
48%
long story short
48%
mad woman
48%
Miss Americana & The Heartbreak Prince
48%
Mr. Perfectly Fine
48%
N Never Grow Up
48%
New Romantics
48%
no body, no crime
48%
P Paper Rings
48%
peace
48%
Red
48%
Ronan
48%
Run
48%
Slut!
48%
Soon You'll Get Better
48%
Sparks Fly
48%
Style
48%
Superman
48%
Superstar
48%
Sweet Nothing
48%
T Teardrops on My Guitar
48%
thanK you aIMee
48%
The Best Day
48%
The Great War
48%
The Other Side of the Door
48%
The Outside
48%
The Prophecy
48%
This Love
48%
Tim McGraw
48%
U Untouchable
48%
We Are Never Ever Getting Back Together
48%
When Emma Falls in Love
48%
Who's Afraid of Little Old Me?
48%
Wood
48%
You Belong with me
48%
You're Losing Me
48%
closure
43%
Cold as You
43%
Come Back... Be Here
43%
Come In With the Rain
43%
Electric Touch
43%
Fresh Out The Slammer
43%
Holy Ground
43%
I I Almost Do
43%
I Can Fix Him (No Really I Can)
43%
it's time to go
43%
Mary's Song (Oh My My My)
43%
my tears ricochet
43%
Out of the Woods
43%
Ruin The Friendship
43%
Say Don't Go
43%
So It Goes...
43%
Starlight
43%
Stay Beautiful
43%
Suburban Legends
43%
The Smallest Man Who Ever Lived
43%
The Story of Us
43%
The Tortured Poets Department
43%
V The Very First Night
43%
This Is Why We Can't Have Nice Things
43%
Treacherous
43%
Wi$h li$t
43%
You Are In Love
43%
Forever Winter
39%
I Bet You Think About Me
39%
I Hate It Here
39%
I Know Places
39%
Nothing New
39%
Should've Said No
39%
State of Grace
39%
W The Way I Loved You
39%
Tied Together with a Smile
39%
'tis the damn season
39%
Today Was A Fairytale
39%
We Were Happy
39%
White Horse
39%
willow
39%
Wonderland
39%
Y You all Over Me
39%
You're Not Sorry
39%
Beautiful Eyes
35%
Eyes Open
35%
I Don't Wanna Live Forever
35%
I'm Only Me When I'm With You
35%
S Sad Beautiful Tragic
35%
Safe & Sound
35%
Sweeter than Fiction
35%
Tell Me Why
35%
That's When
35%
Timeless
35%
All Too Well (10 minute version)
30%
Carolina
30%
Crazier
30%
Foolish One
30%
M Macavity
30%
O Only The Young
30%
The Lucky One
30%
Beautiful Ghosts
26%
I Heart ?
26%
The Moment I Knew
26%
High Infedelity
22%
Christmases When You Were Mine
17%
Christmas Must Be Something More
17%
No matching quizzes found
Score Distribution
Percent of People with Each Score
Percentile by Number Answered
Your Score History
You have not taken this quiz